[Event "FIDE World Cup"]
[Site "Khanty-Mansiysk"]
[Date "2005.11.28"]
[Round "1.2"]
[White "Ni, Hua"]
[Black "Kotronias, Vasilios"]
[Result "1/2-1/2"]
[WhiteElo "2603"]
[BlackElo "2626"]
[Annotator "Kritz,L"]
[PlyCount "73"]
[EventDate "2005.11.27"]
[EventType "k.o."]
[EventRounds "7"]
[EventCountry "RUS"]
[SourceTitle "CBM 111"]
[Source "ChessBase"]
[SourceDate "2006.04.04"]
[SourceVersion "1"]
[SourceVersionDate "2006.04.04"]
[SourceQuality "1"]

1. e4 e5 2. Nf3 Nc6 3. Bb5 Nf6 4. d3 {Dieser Zug ist zuletzt sehr populär
geworden.} ({Die Hauptvariante der Berliner Mauer, die mit den Zügen} 4. O-O
Nxe4 5. d4 Nd6 6. Bxc6 dxc6 7. dxe5 Nf5 8. Qxd8+ Kxd8 9. Nc3 {eingeleitet wird,
ist so schwer auf Gewinn zu spielen, dass viele Spieler eine Abweichung
bevorziehen.}) 4... Bc5 (4... d6 {wurde lange Zeit ebenfalls als befriedigend
angesehen} 5. O-O g6 6. d4 Bd7 7. Re1 Bg7 8. d5 Ne7 9. Bxd7+ Nxd7 10. Be3 $1
$146 {doch dann stellte diese Neuerung aus der Partie Sutovsky - Kramnik 
(Dortmund, 2005) eine komplizierte Frage an Schwarz} f5 (10... h6 11. Nfd2 f5
12. f3 $14 {/\c4-Nc3-b4-c5}) 11. Ng5 $14) 5. Nc3 {Andere Spielmöglichkeiten
bringen Weiß auch keinen Eröffnungsvorteil.} (5. O-O Nd4 $1 6. Nxd4 Bxd4 7. c3
Bb6 8. Bg5 O-O 9. d4 h6 10. dxe5 hxg5 11. exf6 Qxf6 12. Nd2 a6 13. Bd3 d6 $11 {
Sturua - Sargissian (Dubai, 2005)}) (5. c3 O-O 6. O-O d6 7. Nbd2 a6 8. Ba4 Re8
$11) (5. Bxc6 dxc6 6. Be3 (6. Nxe5 Qd4 7. Be3 Qxe5 8. d4 Qxe4 9. dxc5 Qxg2 10.
Rf1 Bh3 $19) 6... Qe7 7. Bxc5 Qxc5 8. Nc3 Bg4 9. h3 Bxf3 10. Qxf3 O-O $11) 5...
a6 (5... d6 6. Na4 {Das ist die Idee der weißen Aufbau - man will wenigstens
den Zwei-Läufer Vorteil erreichen. Das ist jedoch trotzdem nicht genug, für
einen wirklich fühlbaren Eröffnungsvorteil.} (6. Be3 Bxe3 7. fxe3 Bd7 8. O-O
O-O 9. Qe1 Ne7 10. Bxd7 (10. Bc4 Be6 11. Bxe6 fxe6 12. Qg3 Qd7 $11) 10... Qxd7
11. h3 (11. Qg3 Qg4 $11) 11... Ng6 $11) (6. O-O Bg4 7. h3 Bh5 8. Na4 Bb6 9. c3
Qe7 10. Nxb6 axb6 $13) 6... Bb6 (6... Bb4+ $2 7. c3 Ba5 8. b4 Bb6 9. Bb2 $1 (9.
Nxb6 axb6 10. O-O O-O 11. a4 $14) 9... O-O 10. a3 $1 Ne7 11. Nxb6 axb6 12. Ba4
Ng6 13. Bc2 $14 {Durch die prophylaktische Züge a3 und Bb2 hat sich Weiß gut
für den zukünftigen Vorstoß d3-d4 vorbereitet. Zwar hat es Zeit gekostet, aber
wir haben es hier nicht mit einer temporären Stellung zu tun.}) 7. c3 O-O 8.
O-O (8. h3 $2 Ba5 $1 9. O-O (9. b4 Nxb4 10. cxb4 Bxb4+ 11. Bd2 (11. Kf1 c6 12.
Bc4 b5 13. Qb3 a5 $17) 11... Bxd2+ 12. Nxd2 a6 13. Bc4 b5 $17) 9... Ne7 10. b4
c6 $15) 8... Bd7 9. Nxb6 axb6 10. Ba4 $14 {Der weiße Vorteil ist immer noch
sehr klein, doch hier hat Weiß ein komfortables Spiel ohne Risiko.}) 6. Bxc6
dxc6 7. Be3 (7. Nxe5 Qd4 (7... Bxf2+ 8. Kxf2 Qd4+ 9. Be3 Qxe5 10. h3 Be6 11.
Rf1 O-O-O 12. Qf3 (12. Kg1 $2 Bxh3 $1 $17) 12... Rhe8 13. Kg1 $14) 8. Be3 Qxe5
9. d4 Qe7 (9... Bxd4 10. Qxd4 Qxd4 11. Bxd4 $16) 10. dxc5 Nxe4 11. Qd4 (11.
Nxe4 Qxe4 12. O-O Be6 13. Re1 O-O $11) 11... Bf5 12. O-O-O O-O 13. Nxe4 Qxe4
14. Qc3 Rad8 $11 {Inarkiev - Mastrovasilis (Athens, 2005)}) 7... Bd6 (7... Qe7
$5 8. Bxc5 Qxc5 9. h3 (9. Qd2 Bg4 10. Qg5 Bxf3 11. gxf3 Rg8 12. f4 Nd7 13. fxe5
Nxe5 $11) 9... Be6 10. Qd2 h6 11. O-O-O O-O-O $11) 8. h3 (8. O-O Bg4 9. h3 Bh5
$11) 8... O-O 9. O-O Nd7 ({Wenn Schwarz es unbedingt will, dann kann er den
Vorstoß d4 mittels} 9... c5 {auch stoppen. Nun, selbst wenn Weiß d4 durchführt,
hat Schwarz noch gutes Spiel dank dem Läuferpaar.} 10. Bg5 (10. Ne2 c4 $1 $11)
10... c6 11. a4 b6 12. Nd2 Be7 13. Nc4 Qc7 14. f4 h6 15. Bxf6 Bxf6 $11) 10. d4
{Dies ist der einzige aktive Plan, den Weiß in dieser Stelung hat.} exd4 11.
Qxd4 Qe7 12. Qd2 (12. Rad1 Re8 13. Rfe1 Ne5 14. Nxe5 Bxe5 $132) 12... Ne5 13.
Nxe5 Bxe5 14. Rad1 (14. f4 $2 Rd8 $1 (14... Bxc3 15. Qxc3 Qxe4 16. Bd4 f6 (
16... Qg6 17. Rf3 $44) 17. Rae1 Qd5 18. Re7 $44) 15. Nd5 (15. Qe1 Bxc3 16. Qxc3
Qxe4 $17) 15... cxd5 16. fxe5 dxe4 $1 (16... Qxe5 17. exd5 Rxd5 18. Qxd5 $3
Qxd5 19. Rad1 Be6 20. Rxd5 Bxd5 21. a3 $15 {mit guten Remischancen.}) 17. Qf2
Be6 $17) 14... Qb4 (14... Be6 15. Bd4 Rad8 16. Qe3 Bxd4 17. Rxd4 Rxd4 18. Qxd4
Rd8 19. Qe3 $14) 15. f4 Bxc3 16. bxc3 Qc4 (16... Qxe4 17. Bc5 Bf5 18. Rfe1 Qxc2
19. Bxf8 Qxd2 20. Rxd2 Kxf8 21. g4 Be6 22. a3 Bd5 $13) 17. f5 Qxe4 18. Rf4 $44
{Für den Bauern hat Weiß gute Kompensation, da Schwarz Probleme mit der
Entwicklung seines Läufers hat.} (18. Bc5 Bxf5 19. Bxf8 Rxf8 $15) 18... Qe5 19.
Bd4 Qd6 20. f6 Re8 21. Rf3 b6 22. Qg5 g6 23. Rdd3 Qf8 24. Rde3 Rxe3 25. Rxe3
Be6 26. Qf4 c5 27. Be5 Rd8 28. Bxc7 Rd1+ 29. Kh2 h6 30. Bxb6 g5 31. Qg3 Qd6 32.
Qxd6 Rd2 33. Qd5 Rxd5 34. Bxc5 Rd2 35. Rd3 Rxc2 36. a3 Kh7 37. Kg3 1/2-1/2

[Event "Poikovsky Karpov 07th"]
[Site "Poikovsky"]
[Date "2006.03.24"]
[Round "6"]
[White "Najer, Evgeniy"]
[Black "Shirov, Alexei"]
[Result "0-1"]
[WhiteElo "2652"]
[BlackElo "2709"]
[Annotator "Kritz,L"]
[PlyCount "88"]
[EventDate "2006.03.18"]
[EventType "tourn"]
[EventRounds "9"]
[EventCountry "RUS"]
[EventCategory "18"]
[SourceTitle "CBM 112"]
[Source "ChessBase"]
[SourceDate "2006.06.07"]
[SourceVersion "1"]
[SourceVersionDate "2006.06.07"]
[SourceQuality "1"]

1. e4 e5 2. Nf3 Nf6 3. Nc3 Nc6 4. Bb5 Nd4 {Dieser Zug hat schon seit Jahren
das frühere 4....Bb4 als Hauptvariante abgelöst.} (4... Bb4 5. O-O O-O 6. d3 d6
7. Bg5 Bxc3 8. bxc3 Qe7 (8... Ne7 9. Nh4 $1 Ng6 10. Nxg6 hxg6 11. f4 $14) 9.
Re1 Nd8 10. d4 $14) 5. Bc4 (5. Ba4 c6 (5... Bc5 6. Nxe5 O-O 7. Nd3 Bb6 {
führt zu Komplikationen, die laut Praxis in meisten Fällen zu remislichen
Stellungen führen}) (5... Nxf3+ 6. Qxf3 c6 7. d3 Be7 8. Bg5 d6 9. h3 $14) 6.
Nxe5 (6. d3 $6 b5 7. Bb3 Nxb3 8. axb3 d6 9. O-O Be7 $15 {Für das Läuferpaar
hat Weiß eigentlich nichts bekommen.}) (6. O-O Qa5 $1 7. Re1 d6 8. h3 (8. Nxd4
$6 exd4 9. Nd5 Nd7 10. b4 Qxa4 11. Nc7+ Kd8 12. Nxa8 Be7 $17 {Der Springer auf
a8 wird bald gefangen und Weiß gerät in materiellen Rückstand.}) 8... b5 9. Bb3
Nxb3 10. cxb3 Be7 $15) 6... d6 7. Nf3 (7. Nd3 b5 8. Bb3 a5 {Schwarz spielt
gegen den Läufer b3.} 9. a3 d5 $1 {Man muss nicht sofort auf b3 schlagen, das
Nehmen kann auch warten.} (9... Nxb3 10. cxb3 d5 11. Qc2 $1 dxe4 12. Nxe4 $1
$13) 10. e5 Ne4 11. O-O Nc5 12. Nxc5 Bxc5 13. Kh1 (13. Ne2 $4 Bg4 $19) 13...
O-O 14. Ne2 a4 $1 (14... Nxb3 15. cxb3 d4 16. d3 $13) 15. Ba2 f6 $1 16. exf6
Qxf6 $44) 7... Bg4 8. d3 d5 {Diese Stellung kam schon öfters vor.} 9. exd5 (9.
O-O dxe4 (9... Bd6 10. e5 Bc7 11. exf6 O-O $3 12. Nxd4 $1 Bxd1 13. Rxd1 Qxf6
14. Nf3 Rfe8 $11) (9... b5 10. Bb3 b4 11. Nb1 dxe4 12. dxe4 Nxf3+ 13. gxf3 Qxd1
14. Rxd1 Bxf3 15. Re1 Nd7 16. Bf4 Be7 17. Nd2 Bh5 18. Nc4 $14) 10. Nxe4 Nxe4
11. Re1 Be7 12. Rxe4 Nxf3+ 13. gxf3 Bf5 14. Re5 Be6 15. Bb3 Bxb3 16. axb3 O-O
17. Qe2 Bd6 $44 {Motylev - Grischuk (Moskau, 2001)}) (9. Be3 Nxf3+ 10. gxf3 Bh5
11. exd5 (11. d4 $2 dxe4 $17) 11... Nxd5 $44) 9... Nxd5 10. O-O Be7 (10... Nxc3
$5 11. bxc3 Nxf3+ 12. gxf3 Be6 13. Bb3 Bd6 14. Bxe6 fxe6 15. Qe2 Qf6 16. Re1
Kd7 $44) 11. Re1 O-O 12. Nxd5 cxd5 (12... Qxd5 13. Rxe7 Nxf3+ 14. gxf3 Bxf3 15.
Qd2 (15. Qe1 Qd4 16. Re4 (16. Qe5 Qxa4 17. Qf4 Qxf4 18. Bxf4 Rfe8 19. Rae1 Rxe7
20. Rxe7 b6 $11) 16... Rae8 $1 17. Bb3 Bxe4 18. dxe4 Rxe4 19. Qf1 (19. Be3 Rg4+
20. Kf1 Qe4 $15) 19... Rfe8 $15) 15... Rae8 16. Bb3 (16. Qg5 Qd4 17. Bb3 h6 18.
Qg3 Rxe7 19. Qxf3 Re1+ $44) 16... Qd8 17. Rxe8 Rxe8 {/\Qh4} 18. Bxf7+ $8 Kxf7
19. Qf4+ Qf6 20. Qxf6+ Kxf6 21. Be3 a6 $11 {Berkes - Gyimesi (Heviz, 2003)})
13. c3 Bxf3 $5 $146 (13... Nxf3+ 14. gxf3 Bh5 15. Re5 Qd6 16. d4 Qf6 17. Qd3 $1
$14 {Acs - Gelfand (Polen, 2003)}) 14. gxf3 Ne6 15. f4 (15. d4 Bd6 $1 (15...
Bg5 16. Re5 Bf4 17. Bxf4 Nxf4 $44) 16. f4 Qh4 $15) 15... d4 16. f5 Nc5 $44 {
Aufgrund des schwachen Königs kann Weiß diese Stellung kaum auf Gewinn spielen.
Rublevsky - Bacrot (Khanty Mansiysk, 2005)}) (5. Nxd4 {führt forciert zum
Remis:} exd4 6. e5 dxc3 7. exf6 Qxf6 (7... cxd2+ 8. Bxd2 Qxf6 9. O-O Be7 10.
Re1 O-O 11. Bc3 $16 {Weiße Kompensation ist mehr als ausreichend.}) 8. dxc3
Qe5+ 9. Qe2 Qxe2+ 10. Bxe2 d5 11. Bf4 c6 12. O-O-O Be6 $11) (5. Nxe5 {Ein
seltener aber giftiger Zug} Qe7 6. f4 (6. Nf3 Nxb5 7. Nxb5 Qxe4+ 8. Qe2 Qxe2+
9. Kxe2 Nd5 10. Re1 a6 11. Kf1+ Be7 12. Nbd4 d6 $11) 6... Nxb5 7. Nxb5 d6 8.
Nf3 c6 (8... Qxe4+ 9. Kf2 Ng4+ 10. Kg3 Kd8 11. h3 Nf6 12. d3 Qg6+ 13. Kh2 $13)
9. Nc3 (9. Nxd6+ $4 Qxd6 10. e5 Qe7 $19) 9... Nxe4 10. O-O Nxc3 11. dxc3 Be6
12. Re1 Qf6 $11) (5. O-O Nxb5 6. Nxb5 c6 7. Nc3 d6 8. d4 Qc7 $11) 5... Bc5 (
5... Nxf3+ 6. gxf3 $1 (6. Qxf3 d6 7. d3 Be7 8. O-O Be6 $11) 6... Bc5 (6... c6
7. d4 exd4 (7... d5 $2 8. exd5 Nxd5 (8... cxd5 9. Bb5+ Bd7 10. dxe5 Bxb5 11.
Nxb5 Qa5+ 12. Nc3 Nd7 13. Qxd5 $16) 9. Nxd5 cxd5 10. Bb5+ Bd7 11. Bxd7+ Qxd7
12. dxe5 $14) 8. Qxd4 d5 $5 9. exd5 b5 (9... cxd5 10. Nxd5 Nxd5 11. Qxd5 $16)
10. Bb3 (10. Bd3 b4 11. Ne4 Nxd5 $13) (10. Nxb5 cxb5 11. Bxb5+ Bd7 12. Bxd7+
Nxd7 13. O-O Qf6 14. Re1+ Kd8 15. Qa4 Bd6 $17) 10... b4 11. Ne4 Nxd5 12. Bg5 (
12. Rg1 $5) (12. Rg1 $5) (12. Rg1 $5) 12... f6 13. Bxd5 Qxd5 (13... cxd5 14.
Nxf6+ gxf6 15. Bxf6 $18) 14. Bxf6 $1 Qxd4 15. Bxd4 Be6 16. O-O-O Bd5 17. Rhe1
Kf7 $14) (6... d6 $6 {Lässt die Durchführung des weißen Planes problemlos zu.}
7. d4 Be6 (7... exd4 8. Qxd4 Bh3 9. Rg1 $16 {Weiß hat starke Initiative
während Schwarz keinen konkreten Entwicklungsplan besitzt.}) 8. d5 (8. Bxe6 $2
{wäre fehlerhaft} fxe6 9. dxe5 dxe5 $11 {nach Bd6-0-0 wird Schwarz über gutes
Spiel auf der f-Linie verfügen}) 8... Bd7 9. f4 exf4 10. Bxf4 $14 {Najer -
Mamedyarov (Khanty Mansiysk, 2005). Weiß hat Entwicklungsvorsprung und starkes
Zentrum.}) 7. Rg1 O-O 8. d3 $14 {Weiß hat ebenfalls angenehmes Spiel, aber
diese Stellung ist zäher als die nach 6....d6}) (5... d6 6. Ng5 (6. Nxd4 exd4
7. Nd5 Nd7 $1 {Es ist richtig den Springer nicht zu tauschen, denn die weißen
Figuren im Zentrum sind den Angriffen der schwarzen Bauern ausgesetzt.} (7...
Nxe4 $2 8. Qe2 f5 9. d3 c6 10. dxe4 cxd5 11. Bxd5 fxe4 12. Bxe4 $18) (7... Be6
8. O-O (8. d3 $5 c6 (8... Nxd5 9. exd5 Bd7 10. O-O Be7 11. Qh5 $14) 9. Nxf6+
Qxf6 10. Bb3 $14 {In solchen Stellungen steht Weiß grundsätzlich mit kleinem
Vorteil, da Schwarz dem Vorstoß f4-f5 (sofort oder nach der kurzen Rochade)
nichts entgegenzusetzen hat.}) 8... Nxe4 9. Re1 Nf6 (9... Nc5 10. b4 Nd7 11.
Nf4 $16) 10. Nxf6+ Qxf6 11. Bxe6 fxe6 12. Qh5+ Kd8 13. Qb5 Rb8 14. c3 $44) (
7... c6 8. Nxf6+ Qxf6 9. d3 Be7 10. O-O O-O 11. f4 $14) 8. O-O c6 9. Nf4 b5 10.
Be2 (10. Bb3 $6 {Obwohl der Läufer auf b3 optisch aktiver steht, ist er nur
Angriffsobjekt für die schwarzen Figuren} Nc5 11. d3 (11. c3 d3 12. Qf3 Qf6 13.
Qe3 Qg5 $1 $13) 11... Be7 12. Ne2 Bf6 13. c3 Nxb3 14. axb3 c5 15. cxd4 cxd4 16.
Nf4 O-O 17. Nd5 Be6 $132) 10... g6 {Die Entwicklung des Läufers auf die lange
Diagonale bietet sich an, da Weiß in naher Zukunft c3 zu spielen plant, wonach
der Läufer auf g7 wesentlich mehr zu tun hat, als auf e7.} 11. c3 Bh6 {Ein
komischer Manöver, der wohl die Absicht hat, Weiß am Flügelangriff zu hindern.}
({Nach sofortigem} 11... Bg7 {könnte Weiß mit} 12. a4 $1 {fortfahren, wonach
Schwarz nicht} a6 {spielen kann, da er nach} 13. axb5 cxb5 14. Bxb5 $16 {
einen Bauer weniger hat. Wenn der weiße Bauer durch 11....Bh6 nach d3 gelockt
wird, kann Weiß diesen Plan nicht durchführen.}) 12. d3 Bg7 13. Qc2 (13. a4
dxc3 $1 (13... a6 14. cxd4 Bxd4 15. axb5 cxb5 16. Qb3 Bb7 (16... O-O $2 17. Qd5
Qb6 18. Qxa8 Bb7 19. Nd5 $18) 17. Be3 $16) 14. d4 (14. axb5 cxb2 15. Bxb2 Bxb2
16. bxc6 Nb6 $19) (14. bxc3 Bxc3 15. Rb1 b4 16. d4 O-O 17. Be3 a5 $17 {/\Ba6})
14... b4 (14... cxb2 15. Bxb2 b4 16. Qc2 Bb7 17. a5 a6 18. Ra4 $16) 15. bxc3
bxc3 16. Be3 O-O 17. Qc2 Qa5 18. Rfc1 c5 $132) (13. cxd4 Bxd4 14. Qc2 (14. Be3
Bxb2 15. Rb1 Bg7 16. d4 O-O 17. d5 Bb7 $132 18. dxc6 $6 Bxc6 19. Bxb5 Bxe4 $15)
14... Qb6 $1 {Weiß kann hier mit vernünftigen Mitteln nicht zu d4 kommen ->
schwarze Stellung ist in Ordnung.}) 13... dxc3 (13... Qb6 $5 14. Bg4 $1 O-O 15.
cxd4 Bxd4 16. Ne2 Bg7 17. d4 $14) 14. bxc3 O-O 15. d4 $14 {Mit seinem starken
Zentrum steht Weiß etwas besser.}) 6... d5 $1 7. exd5 (7. Nxd5 Nxd5 8. Nxf7
Kxf7 9. c3 Ne6 10. Bxd5 c6 11. Bb3 Qf6 $17) 7... h6 8. Nf3 Bg4 9. Be2 Bxf3 10.
Bxf3 Bb4 $11 {Vallejo Pons - Kramnik (Monte Carlo, 2005)}) (5... c6 6. Nxe5 (6.
O-O b5 (6... d5 7. exd5 cxd5 8. Nxd4 dxc4 9. Nf3 e4 10. Re1 Bf5 11. Ng5 $14) 7.
Bb3 (7. Be2 Nxf3+ 8. Bxf3 Bc5 $11) 7... Nxf3+ (7... d5 8. exd5 Nxb3 9. axb3 e4
10. Re1 $16) (7... d6 8. Nxd4 exd4 9. Ne2 $14) 8. Qxf3 d6 $11) 6... d5 7. exd5
Bd6 (7... cxd5 8. Bb5+ $1 Nxb5 9. Nxb5 a6 10. Nd4 Bd6 11. Ndf3 $16) 8. Nf3
Nxf3+ 9. Qxf3 O-O 10. O-O (10. h3 b5 11. Be2 b4 12. Ne4 Nxe4 13. Qxe4 cxd5 14.
Qf3 Qc7 $44) 10... Ng4 11. g3 Ne5 12. Qe4 Bh3 $44) 6. Nxe5 (6. d3 d6 $11) 6...
Qe7 (6... d5 $5 7. Bxd5 (7. Nxd5 Nxd5 8. O-O (8. Bxd5 Qg5 $17) (8. Qh5 g6 9.
Nxg6 Nxc2+ 10. Kf1 (10. Kd1 Bg4+ 11. Qxg4 Nde3+ 12. fxe3 Nxe3+ $19) 10... Qf6
$19) 8... Nf4 9. Nxf7 (9. Bxf7+ Kf8 $17) 9... Qe7 10. Nxh8 Bh3 $3 $19) 7...
Nxd5 8. Nxd5 O-O 9. c3 Re8 $1 10. cxd4 Bxd4 11. O-O Rxe5 12. d3 c6 13. Nf4 Rb5
$44) 7. Nf3 (7. Nd3 d5 8. Bxd5 Nxd5 9. Nxd5 Qxe4+ 10. Ne3 Bd6 $44) 7... d5 8.
Bxd5 Bg4 9. d3 Nd7 $5 $146 {Dieser Zug wurde früher noch nicht ausprobiert.} (
9... O-O-O 10. Be3 Nxd5 11. Nxd5 Rxd5 12. exd5 Re8 $44) (9... c6 10. Bb3 Nd7
11. Be3 Ne5 12. Nxd4 Bxd1 13. Nf5 Qf8 14. Bxc5 Qxc5 15. d4 Qb4 16. Rxd1 Ng6 17.
Nxg7+ $14 {Motylev - Shirov (Corsica, 2004)}) 10. Be3 Ne5 11. Nxd4 (11. Bxd4
Bxd4 12. Bxb7 (12. h3 Bxf3 13. gxf3 c6 14. Bb3 Qf6 $17) 12... Rb8 13. Nd5 Bxf3
14. Nxe7 (14. gxf3 Qh4 $19) 14... Bxd1 15. Nc6 Rxb7 16. Nxd4 Bg4 $15) 11...
Bxd1 12. Rxd1 (12. Nf5 $5 {analog zur Partie Motylev - Shirov} Qf8 13. Bxc5
Qxc5 14. d4 (14. Rxd1 Qb4 $1 15. Nxg7+ Kf8 16. Nf5 Qxb2 17. Ne2 Qxc2 $19) 14...
Qb4 15. Rxd1 Qxb2 $17 {Jetzt wird klar, warum Schwarz 9....c6 nicht gezogen
hat - mit dem Läufer auf b3 hätte Weiß kein Problem, während jetzt der Bauer
auf b2 verloren geht.}) 12... Qf6 13. Nf5 Bxe3 14. Nxe3 O-O-O $15 {Trotz des
tatsächlichen materiellen Gleichgewichts ist die schwarze Stellung etwas
besser.} 15. O-O h5 16. Bb3 Ng4 17. h3 Qf4 18. g3 Qf6 19. Ncd5 Qh6 20. Nf5 Qh7
21. Kg2 Nh6 22. Nfe3 Rhe8 23. Rde1 Qg6 24. f4 Qd6 25. Nc4 Qc5 26. Nde3 g5 27.
f5 h4 28. g4 b5 29. Nd2 Qe5 30. Rf3 Qxb2 31. Re2 c6 32. Nd1 Qa1 33. Rf1 a5 34.
a4 bxa4 35. Bc4 a3 36. Nf3 Kc7 37. Ne3 Qb2 38. Bb3 a2 39. Ree1 Rxd3 40. Nc4 Qc3
41. cxd3 Qxb3 42. Rc1 Qxd3 43. Nxa5 Rxe4 44. Rxc6+ Kb8 0-1

[Event "HUN-ch 56th"]
[Site "Szekesfehervar"]
[Date "2006.03.01"]
[Round "1"]
[White "Szabo, Krisztian"]
[Black "Gyimesi, Zoltan"]
[Result "0-1"]
[WhiteElo "2447"]
[BlackElo "2602"]
[Annotator "Kritz,L"]
[PlyCount "70"]
[EventDate "2006.03.01"]
[EventType "tourn"]
[EventRounds "9"]
[EventCountry "HUN"]
[EventCategory "13"]
[SourceTitle "CBM 112"]
[Source "ChessBase"]
[SourceDate "2006.06.07"]
[SourceVersion "1"]
[SourceVersionDate "2006.06.07"]
[SourceQuality "1"]

1. e4 e5 2. Nf3 Nc6 3. Nc3 Nf6 4. Bb5 Bd6 $5 5. O-O {Etwas genauer scheint 5.
d3 zu sein, wonach Weiß sich die Gelegenheit, später h3-g4 zu spielen, lässt.}
(5. d3 h6 $1 (5... O-O 6. Bg5 Be7 7. O-O d6 8. d4 exd4 9. Nxd4 $14) (5... a6 $5
{der Versuch, den weißen Läufer zu tauschen, gelingt nicht ganz:} 6. Ba4 b5 7.
Bb3 Na5 8. O-O O-O 9. d4 (9. Qd2 $5 Nxb3 10. axb3 Bb7 11. Qg5 Re8 12. Nh4 $14)
9... exd4 10. Qxd4 $14) 6. h3 $1 a6 (6... O-O 7. g4 $1 {Weiß kann die Tatsache
ausnutzen, dass Schwarz nicht gleich zu d5 kommen kann, und somit den ziemlich
gefährlichen Angriff am Königsflügel starten.} Bb4 8. g5 hxg5 9. Bxg5 Nd4 10.
Bc4 b5 11. Bb3 $40 {/\Rg1}) 7. Ba4 b5 8. Bb3 Na5 9. O-O (9. d4 exd4 10. Qxd4
O-O 11. O-O Re8 $13 12. e5 $2 Nc6 13. Qf4 Nxe5 14. Nd5 Bb7 15. Nxf6+ Qxf6 16.
Qxf6 gxf6 $17) 9... Nxb3 10. axb3 Bb7 11. Ne2 O-O 12. Ng3 Re8 $11) (5. d4 $6 {
der direkte Versuch, schwarze Stellung zu knacken, kann ein böses Ende haben:}
exd4 6. Nxd4 O-O 7. O-O Re8 8. Nf5 (8. Re1 Nxd4 9. Qxd4 Be5 10. Qd3 c6 11. Ba4
d5 $1 $17) 8... Be5 $1 $15 {der Bauer e4 ist in diesem Fall nicht ausreichend
gedeckt}) 5... O-O 6. d3 h6 {jetzt muss sich Schwarz keine Gedanken um die
Möglichkeit h3-g4 machen} (6... a6 7. Bxc6 (7. Ba4 h6 8. h3 Re8 9. Be3 {
->siehe Partie}) 7... dxc6 8. Bg5 h6 9. Bh4 Bg4 $11) 7. h3 (7. Ne2 $5 a6 8. Ba4
b5 9. Bb3 Na5 10. Ng3 Re8 $13) 7... Re8 8. Be3 a6 9. Bxc6 (9. Ba4 b5 10. Bb3
Na5 $11 {Nach dem der weiße Läufer b3 getauscht wird, hat Schwarz mindestens
gleichwertiges Spiel.}) 9... dxc6 (9... bxc6 10. Nd2 (10. d4 exd4 11. Bxd4 c5
12. Bxf6 (12. Be3 Bb7 $17) 12... Qxf6 13. Qd3 Rb8 14. b3 Bb7 $15) 10... Bf8 11.
f4 exf4 12. Bxf4 d5 13. e5 Nd7 14. Qh5 Qe7 $11 {auch hier hat Weiß ohne
weißfeldrigen Läufer kein gutes Spiel}) 10. d4 exd4 11. Qxd4 (11. Nxd4 $2 Nxe4
12. Nxe4 Rxe4 $17) 11... c5 12. Qd3 Bd7 $15 {Typische Stellung ist entstanden,
in der das Läuferpaar das Defizit der Bauerstruktur kompensiert. Die Chancen
von Schwarz sind etwas höher.} 13. e5 Bxe5 14. Bxc5 Bxc3 15. bxc3 Bc6 16. Rfe1
Qxd3 17. cxd3 Bxf3 18. gxf3 Nd5 19. Bd4 Nf4 20. Re3 Nxh3+ 21. Kh2 Nf4 22. Rae1
Re6 23. Rxe6 Nxe6 24. Be5 Rd8 25. d4 c5 26. dxc5 Nxc5 27. Bd4 Ne6 28. Be3 Rc8
29. Bd2 Rc4 30. Re2 Kf8 31. Kg3 Ke7 32. f4 f5 33. Kf3 Kf6 34. a3 Nc5 35. Re3
Re4 0-1